Microeconomics / (Record no. 53820)

MARC details
000 -LEADER
fixed length control field 00475nam a2200181Ia 4500
005 - DATE AND TIME OF LATEST TRANSACTION
control field 20260430133741.0
008 - FIXED-LENGTH DATA ELEMENTS--GENERAL INFORMATION
fixed length control field 260429s9999||||xx |||||||||||||| ||und||
020 ## - INTERNATIONAL STANDARD BOOK NUMBER
International Standard Book Number 9780077121778
082 ## - DEWEY DECIMAL CLASSIFICATION NUMBER
Classification number 338
Item number MOR
100 ## - MAIN ENTRY--PERSONAL NAME
Personal name Morgan, Wyn
245 #0 - TITLE STATEMENT
Title Microeconomics /
Statement of responsibility, etc Wyn Morgan
250 ## - EDITION STATEMENT
Edition statement 2nd ed.
260 ## - PUBLICATION, DISTRIBUTION, ETC. (IMPRINT)
Place of publication, distribution, etc Boston :
Name of publisher, distributor, etc McGraw-Hill Higher Education,
Date of publication, distribution, etc 2009.
300 ## - PHYSICAL DESCRIPTION
Extent xxvi, 749 p.; pbk
700 ## - ADDED ENTRY--PERSONAL NAME
Personal name Katz, Michael L.
700 ## - ADDED ENTRY--PERSONAL NAME
Personal name Rosen, Harvey S.
942 ## - ADDED ENTRY ELEMENTS (KOHA)
Koha item type Coaching cell/ UGC NET Cell
Holdings
Withdrawn status Lost status Damaged status Not for loan Home library Location Shelving location Date of Cataloging Source of acquisition Total Checkouts Full call number Barcode Date last seen Price effective from Koha item type
        CUTN Central Library CUTN Central Library Social Sciences 30/04/2026 UGC NET cell books   338 MOR 55462 30/04/2026 30/04/2026 Coaching cell/ UGC NET Cell